00549nam a22001457a 4500008004100000050001300041245008500054260005400139300001700193700001900210700002400229942001300253999001600266952012100282160908b xxu||||| |||| 00| 0 eng d a200/2008 aHouse Sales and Rentals Management SystemcAyela Louis A. and John K. Allouyses aAccra:bWiscosin International University,c2008. aVarious pgs. aAyela Louis A aAllouyses K. John  2lcccREF c6027d13527 00102lcc40708REFaWIUC-1bWIUC-1cSERIALSd2016-09-08l0o200/2008p200r2016-09-08 00:00:00t1w2016-09-08yREF